000 00554nam a2200181Ia 4500
008 100920s9999 xx 000 0 und d
082 _b100129
_a--- न 07
100 _aभानत मनोहर.
245 _aअभिनेत्री.
260 _bमेघना प्रकाशन, पुणे.
_c2007
300 _a215
_bसाधी
365 _b190
520 _aकादंबरी.
630 _aअभिनेत्री.
650 _aकादंबरी.
730 _aअभिनेत्री.
942 _cBOOK
999 _c740567
_d740564